Renommage de pays d'Europe - Statistiques

Statistiques générales
  • Ce quiz a été pris 66 fois
    14 depuis la dernière actualisation
  • Le résultat moyen est 22 sur 28
Statistiques - réponses
Hint Réponse % Correct
Andorre Ameturrie | Andorrie | Andosinoïe
100%
Autriche Austrie | Autrichie
91%
Belgique Belgie | Belgiquie | Flandres-Wallonie
91%
Danemark Danemarkie | Danie | Jutlandie
91%
Espagne Espagnie | Hispanie | Ibérie
91%
Finlande Finlandie | Finnie | Suomie
91%
France Francie | Gallie | Gaulie
91%
Allemagne Germanie | Allémagnie
91%
Islande Islandie
91%
Irlande Eirie | Irlandie
82%
Grèce Grécie | Ellinikie | Hellénie
82%
Suisse Helvétie | Suissie | Sussie
82%
Kosovo Kosovie
82%
Luxembourg Luxembourgeoisie | Luxembourgie
82%
Macédoine du Nord Macédoinie | Macédonie
82%
Malte Maltie | Mélitie
82%
Monténégro Mavrovounie | Monténégrie
82%
Monaco Monacie | Monégasquie
82%
Norvège Notuagie | Nhorvégie
82%
Pologne Polognie | Polskie
82%
Pays-Bas Hollandie | Néderlandie | Néerlandie
73%
Vatican Papalie | Vaticanie
73%
Portugal Portucallie | Portugalie | Portuguésie
73%
Saint-Marin Sainte-Marinie | San Marinie | Sérénissimie
73%
Suède Suédie | Svérigie
73%
Ukraine Ukraïnie
73%
Liechtenstein Liechtensteinie | Liechstenstie
64%
Royaume-Uni Grande Brittanie | Monarchie-Unie
18%
Aucun quiz correspondant
Distribution des résultats
% des personnes avec chaque résultat
Percentile par nombre de réponses
Votre historique - résultats
Vous n’avez pas pris ce quiz depuis la dernière actualisation